000 00846nam a2200229Ii 4500
003 JO-AjNU
008 230605s9999||||xx |||||||||||||| ||und||
017 _a2006/11/2992
020 _a9957-11-674-6
040 _aJO-AjNU
_bara
_erda
_cJO-AjNU
041 _aara
050 1 4 _aLB1028.3.I77 2007
100 3 _aإستيتية،دلال ملحس مؤلف/سرحان،عمر موسى م.مشارك,
_eauthor
_931178
245 0 0 _aتكنولوجيا التعليم والتعليم الإلكتروني
250 _aط1
264 3 1 _aعمان:دار وائل للنشر والتوزيع،2006
300 _a353ص
336 _atext
_btxt
_2rdacontent
337 _aunmediated
_bn
_2rdamedia
338 _avolume
_bnc
_2rdacarrier
650 4 _aتكنولوجيا التعليم-الحاسبات الإلكترونية و التعليم
_931179
999 _aA12442
_c16010
_d16010